أزمة المقفين العرب: (Record no. 12374)
[ view plain ]
| 000 -الفاتح | |
|---|---|
| حقل البيانات ثابتة الطول | 00794nam a22001817a 4500 |
| 008 - عناصر البيانات ثابتة الطول - معلومات عامة | |
| حقل البيانات ثابتة الطول | 090720t xxu||||| |||| 00| 0 ara d |
| 082 ## - رقم تصنيف ديوى العشرى | |
| رقم الطبعة | 22 |
| رقم التصنيف | 306.089 |
| رقم المادة | ش ر ا |
| 100 1# - المدخل الرئيسى - إسم شخصى | |
| 9 (RLIN) | 8081 |
| الإسم الشخصى | شرابى ، هشام |
| 245 10 - بيان العنوان | |
| العنوان | أزمة المقفين العرب: |
| بقية العنوان | /نصوص مختارة |
| بيان المسئوليه,etc | هشام شرابى |
| 250 ## - بيان الطبعة | |
| بيان الطبعة | ط 1. |
| 260 ## - PUBLICATION, DISTRIBUTION, ETC. (IMPRINT) | |
| مكان الناشر او الموزع | بيروت: |
| اسم الناشر او الموزع | ،دار نلسن |
| تاريخ النشر أو التوزيع | 2002 |
| 300 ## - الوصف المادى | |
| التعداد | 170ص ؛ |
| أبعاد الوعاء | 20 سم |
| 500 ## - تبصرة عامة | |
| تبصرة عامة | يشتمل على كشاف |
| 650 ## - المدخل الاضافى بالموضوع-مصطلح موضوعى | |
| 9 (RLIN) | 8082 |
| مصطلح موضوعي أو اسم جغرافي كعنصر مدخل | الثقافة العربية |
| 651 ## - المدخل الاضافى بالموضوع - اسم جغرافى | |
| 9 (RLIN) | 8083 |
| الاسم الجغرافي | الدول العربية |
| التقسيم الفرعي العام | الاحوال الاجتماعية |
| 942 ## - عناصر المدخل الإضافي( كوها) | |
| مصدر التصنيف او مخطط الترفيف | Dewey Decimal Classification |
| Koha [default] item type | Book - Borrowing |
| حالة التراجع | حالة الفقد | مصدر التصنيف او خطة الترفيف | حالة تلف | ليس للاعارة | مجموعات كوها | المكان الدائم | المكان الحالي | موقع الترفيف | تاريخ الاكتساب | Source of acquisition | سعر الشراء الطبيعي | تعداد مسلسل / التسلسل الزمني | رقم الاستدعاء | الباركود | Date last seen | نوع الوعاء |
|---|---|---|---|---|---|---|---|---|---|---|---|---|---|---|---|---|
| Dewey Decimal Classification | Dar Amoag | Central Library | Central Library | First floor | 20/07/2009 | 37.00 | 56 | 306.089 شرا | 000017539 | 15/07/2025 | Book - Borrowing |